Statistics for Book Series Main Characters

Click here to take the quiz!

General Stats

  • This quiz has been taken 17 times
    (11 since last reset)
  • The average score is 9 of 24

Answer Stats

HintAnswer% Correct
Harry PotterHarry Potter
100%
Percy JacksonPercy Jackson
100%
Harry PotterRon Weasley
88%
HorizonAnna
75%
Percy JacksonAnnabeth Chase
75%
Harry PotterHermione Granger
75%
Percy JacksonGrover Underwood
50%
Wings of FireBlue
25%
Wings of FireClay
25%
Wings of FireCricket
25%
Wings of FireGlory
25%
FablehavenKendra Sorenson
25%
Wings of FireMoon
25%
Wings of FirePeril
25%
FablehavenSeth Sorenson
25%
Wings of FireStarflight
25%
Wings of FireSunny
25%
Wings of FireTsunami
25%
Wings of FireTurtle
25%
Wings of FireWinter
25%
HorizonJavi
13%
HorizonMolly
13%
Wings of FireQibli
13%
HorizonYoshi
13%

Score Distribution

Percentile by Number Answered

Percent of People with Each Score

Your Score History

You have not taken this quiz since the last reset